[Event "Buenos Aires FAOGBA op 2nd"]
[Site "Buenos Aires"]
[Date "2024.03.14"]
[Round "3"]
[White "Vasquez Toledo, Cristian"]
[Black "Diaz Hollemaert, Nahuel"]
[Result "1-0"]
[WhiteElo "2202"]
[BlackElo "2351"]
[PlyCount "55"]
[EventDate "2024.03.12"]
[EventType "swiss"]
[EventRounds "9"]
[EventCountry "ARG"]
[SourceTitle "CB13_2024"]
[SourceDate "2024.03.27"]
[SourceVersion "1"]
[SourceVersionDate "2024.03.27"]
[SourceQuality "1"]

1. e4 g6 2. d4 Bg7 3. Nc3 c6 4. Be3 b5 5. Bd3 d6 6. Qd2 Nd7 7. f4 Ngf6 8. h3 e5 9. Nf3 Qc7 10. a3 0-0 11. 0-0 a6 12. fxe5 dxe5 13. dxe5 Nxe5 14. Bc5 Re8 15. Nxe5 Rxe5 16. Qf2 Bxh3 17. Bb6 Qd7 18. Qg3 Rh5 19. gxh3 Rxh3 20. Qg2 Nh5 21. Rf3 Rh4 22. Kf1 Be5 23. Rd1 Qe6 24. Ne2 Re8 25. Nd4 Qc8 26. Nf5 Rh2 27. Qg1 Kh8 28. Bd4 1-0

[Event "Buenos Aires Grafica Yael Torre Blanca"]
[Site "Buenos Aires"]
[Date "2023.08.10"]
[Round "3"]
[White "Diaz Hollemaert, Nahuel"]
[Black "Heredia Serrano, Carla Sofia"]
[Result "1-0"]
[WhiteElo "2393"]
[BlackElo "2078"]
[PlyCount "85"]
[EventDate "2023.08.08"]
[EventType "tourn"]
[EventRounds "9"]
[EventCountry "ARG"]
[EventCategory "1"]
[SourceTitle "CBM 215 Extra"]
[Source "ChessBase"]
[SourceDate "2023.09.30"]
[SourceVersion "1"]
[SourceVersionDate "2023.09.30"]
[SourceQuality "1"]

1. Nf3 d5 2. b4 Bf5 3. Bb2 e6 4. a3 h6 5. e3 Nf6 6. c4 c6 7. Nc3 Be7 8. Be2 0-0 9. 0-0 Nbd7 10. d4 Bd6 11. b5 Bg4 12. Nd2 Bxe2 13. Qxe2 cxb5 14. cxd5 exd5 15. Qxb5 Nb6 16. g3 h5 17. e4 a6 18. Qb3 dxe4 19. Ndxe4 Nxe4 20. Nxe4 h4 21. Rfe1 Rc8 22. d5 Nc4 23. Bd4 b5 24. Qf3 Be5 25. Bxe5 Nxe5 26. Qf5 Qxd5 27. gxh4 Rcd8 28. h5 Nd3 29. Qxd5 Rxd5 30. Re3 Nc5 31. Ng3 Ne6 32. Re4 a5 33. Kg2 Rc8 34. Ra2 Rc3 35. f4 Rd1 36. f5 Nc5 37. Rg4 Kf8 38. f6 g6 39. hxg6 fxg6 40. Rxg6 Nd3 41. Rg4 Ne1+ 42. Kh3 Nf3 43. Ne4 1-0